000 00387 a2200169 4500
001 185241
020 _a85-7153-192-7
040 _cMagnum
100 _aBellinghausen, Biesemeyer Ingrid
240 1 0 _aVamos conhecer profissões 2
_lpor
245 1 0 _aVamos conhecer profissões 2
300 _a23
362 0 _a2005
440 1 _aRHJ
697 _aLITERATURA INFANTO
942 _cBK
999 _c185241
_d185241